000 00577nam a2200193Ia 4500
008 131103s9999 xx 000 0 und d
040 _aLoreto College
041 _aEnglish
082 _a526.9/KIS
_bLCLIB/11863
100 _aKissam, Philip
245 _aSurveying instruments and methods
_b for surveys of limited extent
_cPhilip Kissam
250 _a2nd ed.
260 _aNew York
_bMcGraw-Hill Book
_c1956
300 _aviii,482 p.
_b ill., figures
_c 24 cm.
650 _aSurveying -
651 _aMathematical Geography -
850 _aLCLIB/526.9/KIS
942 _cBK
999 _c679
_d51158